The blue (KHMER) / (Record no. 48825)
| 000 -LEADER | |
|---|---|
| fixed length control field | 00321nam a2200121 4500 |
| 020 ## - INTERNATIONAL STANDARD BOOK NUMBER | |
| International Standard Book Number | 9789924342106 |
| 100 ## - MAIN ENTRY--PERSONAL NAME | |
| Personal name | Omissi, Antiochus |
| 9 (RLIN) | 84147 |
| 245 ## - TITLE STATEMENT | |
| Title | The blue (KHMER) / |
| Statement of responsibility, etc | Antiochus Omissi |
| 260 ## - PUBLICATION, DISTRIBUTION, ETC. (IMPRINT) | |
| Place of publication, distribution, etc | Cambodia |
| Name of publisher, distributor, etc | Sipar |
| Date of publication, distribution, etc | 2024 |
| 300 ## - PHYSICAL DESCRIPTION | |
| Extent | 38 p. |
| Other physical details | col. ill. |
| Dimensions | 24 cm. |
| 650 ## - SUBJECT ADDED ENTRY--TOPICAL TERM | |
| Topical term or geographic name as entry element | Khmer Fiction |
| 9 (RLIN) | 80279 |
| 942 ## - ADDED ENTRY ELEMENTS (KOHA) | |
| Source of classification or shelving scheme | |
| Koha item type | Book |
| Withdrawn status | Lost status | Source of classification or shelving scheme | Damaged status | Not for loan | Collection code | Home library | Current library | Date acquired | Total Checkouts | Full call number | Barcode | Checked out | Date last seen | Date checked out | Price effective from | Koha item type |
|---|---|---|---|---|---|---|---|---|---|---|---|---|---|---|---|---|
| Siem Riep | Asian Hope Primary Library | Asian Hope Primary Library | 04/09/2025 | 17 | KHMER E OMI | 206756 | 05/06/2026 | 04/29/2026 | 04/29/2026 | 04/09/2025 | Book | |||||
| Siem Riep | Asian Hope Primary Library | Asian Hope Primary Library | 05/01/2025 | 19 | KHMER E OMI | 206751 | 04/30/2026 | 04/23/2026 | 04/23/2026 | 05/01/2025 | Book |